header

In a pickle (Record no. 4004)

MARC details
000 -LEADER
fixed length control field 01210nam a22003134a 4500
082 04 - DEWEY DECIMAL CLASSIFICATION NUMBER
Classification number 813/.6
100 1# - MAIN ENTRY--AUTHOR NAME
Personal name Apps, Jerold W.,
245 10 - TITLE STATEMENT
Title In a pickle
260 ## - PUBLICATION, DISTRIBUTION, ETC. (IMPRINT)
Place of publication Madison, Wis. :
Name of publisher Terrace Books,
Year of publication c2007.
300 ## - PHYSICAL DESCRIPTION
Number of Pages viii, 248 p.
650 #0 - SUBJECT ADDED ENTRY--TOPICAL TERM
Topical Term Family farms
Topical Term Farm life
Topical Term Pickle industry
856 40 - ELECTRONIC LOCATION AND ACCESS
Uniform Resource Identifier http://site.ebrary.com/lib/rucke/Doc?id=10280010

No items available.

© 2026 Rongo University
Contact us: librarian | system librarian | Rongo university